Rozpoznaj trenera po zdjęciu #2 - Statystyki

Ogólne statystyki
  • Ten quiz został rozwiązany 208 razy
  • Średni wynik to 10 z 16
Statystyki odpowiedzi
Obrazkowy Odpowiedź % Poprawnych
Michał Probierz
95%
Carlo Ancelotti
94%
Jose Mourinho
89%
Mikel Arteta
78%
Marek Papszun
77%
Franciszek Smuda
74%
Gareth Southgate
66%
Leo Beenhakker
63%
Rafael Benítez
52%
Mauricio Pochettino
51%
Louis Van Gaal
49%
Maciej Skorża
45%
Luciano Spalletti
35%
Lionel Scaloni
34%
Roberto De Zerbi
31%
Jupp Heynckes
21%
Nie znaleziono quizów pasujących do podanych kryteriów
Rozkład punktacji
Procent ludzi z każdym wynikiem
Percentyl według liczby udzielonych odpowiedzi
Twoja historia wyników
Nie rozwiązałeś tego quizu